000 00307nam a22001337a 4500
008 171215b xxu||||| |||| 00| 0 eng d
020 _a9780393971798
041 _aeng
080 _a37
100 _a47
101 _aEDU
245 _aPROGRESSIONS READINGS FOR WRITERS
_cHILBERT.B.S
942 _2udc
_cBK
999 _c39017
_d39017